| 000 | 00970cam a22001935a 4500 | ||
|---|---|---|---|
| 001 | E140469 | ||
| 008 | 070806s2007 xxk f 000 0 eng d | ||
| 035 | _a(Sirsi) u140469 | ||
| 041 | 0 | _aeng | |
| 050 | 0 | 4 | _a333.3309411 $2 18 |
| 110 | 2 |
_aSavills Research _95211 |
|
| 245 | 0 | 0 |
_aScottish residential land report _bsummer 2007 _h[electronic resource] |
| 260 |
_aLondon _bSavills Research _c2007 |
||
| 520 | _aReports that the average growth per annum on both greenfield and urban land has exceeded the Great Britain average and forecasts that in Scotland greenfield and urban land value growth will exceed the national forecast of 8% and 3% respectively over 2007, reporting that urban land value growth over the first half of 2007 has already exceeded the national forecast. | ||
| 651 | 4 |
_aScotland _y1999- |
|
| 690 |
_aResidential property _96266 |
||
| 856 | 4 | 0 |
_uhttps://www.savills.com/research/ _zView the article free of charge at www.savills.co.uk... |
| 942 | _n0 | ||
| 999 |
_c107507 _d107507 |
||